Noches en Florencia, 1: el príncipe (Registro nro. 9780)
[ vista simple ]
| 000 -Cabecera | |
|---|---|
| Campo de control de longitud fija | 00586nam a22002417a 4500 |
| 005 - Fecha y hora de la última transacción | |
| Campo de control | 20241105132126.0 |
| 008 - Elementos de longitud fija--Información general | |
| Campo de control de longitud fija | 170428b xxu||||| |||| 00| 0 spa d |
| 020 ## - International Standard Book Number | |
| Número Internacional Estándar del Libro (ISBN) | 97884147589 |
| 041 ## - Idioma | |
| Código de idioma | Español |
| 082 ## - Clasificación Decimal Dewey | |
| Número de clasificación | 823.92 R459p |
| 100 ## - Entrada principal--Autor personal | |
| Nombre personal | Reynard, Sylvain |
| 9 (RLIN) | 42416 |
| 245 ## - Título propiamente dicho | |
| Título | Noches en Florencia, 1: el príncipe |
| 260 ## - Pie de imprenta | |
| Lugar de publicación, distribución, etc. | España |
| 260 ## - Pie de imprenta | |
| Nombre del editor, distribuidor, etc. | Planeta |
| 260 ## - Pie de imprenta | |
| Fecha de publicación, distribución, etc. | 2015 |
| 300 ## - Descripción física | |
| Extensión | 184 páginas |
| 440 ## - Declaración de serie/asiento adicional--título | |
| Título de la serie | Noches en Florencia |
| 650 ## - Materia general | |
| Temática (materia general) | LITERATURA CANADIENSE |
| 650 ## - Materia general | |
| Temática (materia general) | NOVELA CANADIENSE |
| 650 ## - Materia general | |
| Temática (materia general) | MISTERIO |
| 650 ## - Materia general | |
| Temática (materia general) | SUSPENSO |
| 942 ## - Punto de acceso adicional KOHA | |
| Tipo de ítem KOHA | Literatura |
| Fuente del sistema de clasificación o colocación | Dewey Decimal Classification |
| Signatura completa | Código de barras | Tipo de ítem |
|---|---|---|
| 823.92 R459p | 22623 | Literatura |